Manažment rizika v podmienkach manažéra železničnej infraštruktúry

Oblasti a príčiny vzniku rizík ohrozujúcich bezpečnosť ľudí v železničnej doprave. Nehody a mimoriadne udalosti dopravno-prepravného procesu a odstraňovanie ich následkov. Preventívne opatrenia a zabránenie vzniku nehôd.

Guardado en:
Detalles Bibliográficos
Autor principal: Nedeliaková, Eva
Otros Autores: Nedeliak, Ivan
Formato: Capítulo de libro
Lenguaje:eslovaco
Materias:
Etiquetas: Agregar Etiqueta
Sin Etiquetas, Sea el primero en etiquetar este registro!

MARC

LEADER 00000naa a2200000 4500
001 0196265
005 20231207080148.2
041 0 |a slo 
044 |a SK 
245 1 0 |a Manažment rizika v podmienkach manažéra železničnej infraštruktúry  |c Eva Nedeliaková, Ivan Nedeliak 
520 |a Oblasti a príčiny vzniku rizík ohrozujúcich bezpečnosť ľudí v železničnej doprave. Nehody a mimoriadne udalosti dopravno-prepravného procesu a odstraňovanie ich následkov. Preventívne opatrenia a zabránenie vzniku nehôd. 
610 2 0 |a risk management 
610 2 0 |a riadenie rizík 
610 2 0 |a kontrola 
610 2 0 |a metódy riadenia 
610 2 0 |a metódy organizácie 
610 2 0 |a bezpečnosť 
610 2 0 |a doprava železničná 
100 1 |a Nedeliaková, Eva 
700 1 |a Nedeliak, Ivan